000 00777nam a2200229 i 4500
001 89587
003 ES-MaACL
005 20250528160221.0
007 t|
008 050111s1985 sp a |||| | spa d
100 1 _aLas Santas, Adelaida.
_970390
245 1 0 _aPoema de la perra gorda que se convirtió en perra chica y otros poemas para las niñas y niños de Cuenca /
_cAdelaida Las Santas.
260 _aMadrid :
_bAguacantos,
_c1985.
300 _a16 p. ;
_c23 cm.
490 1 _aAguacantos
500 _aDibujo en port y cub. impreso "Para Adelaida" Antonio Mingote.
700 1 _aMingote, Antonio,
_d1919-2012
_9240761
830 0 _aAguacantos
_9187405
852 _aES-MaACL
_j2138-F-22
852 _aES-MaACL
_j2138-F-21
999 _c89587
_d89587